000 01760cam a22005054i 4500
003 PE-LiUPU
005 20250731165628.0
008 150616s r 000 0 d
020 _a9682438446
035 _a(Sirsi) i9789682438448
040 _aPE-LiUPU
_bspa
_cPE-LiUPU
_erda
049 _aPRUA
082 0 4 _a001.434
_bR84
_221
100 1 _aRosas, Lucía,
_eautor.
245 1 0 _aIniciación al Método Científico Experimental.
264 1 _aMéxico, D. F. :
_bEditorial Trillas,
_c1991.
300 _a207 páginas :
_bIlustraciones (cuadros) ;
_c23 centímetros
336 _atext
_2rdacontent
337 _aunmediated
_2rdamedia
338 _avolume
_2rdacarrier
505 0 _aCiencia y sociedad.- Método científico.- Método experimental.-La ciencia y la agricultura.- La ciencia y el medio ambiente.- La ciencia y el hombre.-Ciencia.-Medio ambiente.
526 _aSEG44
526 _aSEG26
526 _aP151
526 _aP150
526 _aP149
526 _aP146
526 _aP145
526 _aP126
526 _aP125
526 _aP92
526 _aP75
526 _aP74
526 _aP27
526 _aP15
650 0 4 _aMETODOLOGIA CIENTIFICA.
_92427
700 1 _aRiveros, Héctor G.
910 _ajck
_bjvq
_cjck
942 _2ddc
_cBOOK
949 _a001.434 R84
_wDEWEY
_c1
_i39746
_d2016-4-14
_e2016-4-14
_lCCODEBUL1
_mBUL
_n1
_r0
_sY
_tBOOK
_u2015-6-16
_xEDUCACION
_PP20
_0COMPRA
_o.STAFF. Colección General
994 _aC0
_bPEPRU
596 _a1
999 _a001.434 R84
_wDEWEY
_c57396
_i39746
_d57396
_e2016-4-14
_f2021-11-4
_g5
_lCCODEBUL1
_mBUL
_n1
_q1
_r0
_sY
_tBOOK
_u2015-6-16
_xBIBLIOTECA
_PP20
_0COMPRA
_o.STAFF. Colección General
980 _81
_gALBERTO SANCHEZ Responsable de Automatización